000 00539nam a2200181 a 4500
005 20140310183343.0
008 070115s19uu xx 00 eng d
020 _a9781581807295
050 _aNC 890
_b.P385 2006
245 _aThe pencil box :
_ba treasury of time-tested drawing techniques and advice.
260 _aCincinnati, Ohio :
_bNorth Light Books,
_c2006.
300 _a128
521 _aMA
650 _aPencil drawing
_xTechnique.
650 _aColored pencil drawing
_xTechnique.
942 _cBK
_2lcc
_kFOR
999 _c21855
_d21855